000 00846nam a22001937a 4500
003 OSt
005 20250718060458.0
008 250718b |||||||| |||| 00| 0 eng d
020 _a978-971-9658-28-3
040 _aDWC-Main Lib
_cOC
082 _aFil. 338.9 As816 2023
245 _aASEAN framework in exchange of information in promoting adaptation of best practices, standards and qualification/
250 _aFirst edition
260 _aQuezon City, Philippines :
_bInstitute of Integrated Electrical Engineers of the Philippines Inc.,
_cc2023.
300 _axiv, 67 pages :
_billustrations ;
_c28cm.
650 _a1. Professional qualifications- international standards
650 _a2. ASEAN ( association of southeast asean nations)- Standards and practices international corporations.
942 _2ddc
_cBK - FIL
_eFirst edition
_kFil.
_n0
999 _c3762
_d3762